[Event "NCA-chT"]
[Site "Managua"]
[Date "2015.12.28"]
[Round "7.3"]
[White "Sanchez, Jose2222"]
[Black "Gutierrez, Erasmo"]
[Result "1-0"]
[WhiteElo "1869"]
[BlackElo "1904"]
[PlyCount "87"]
[EventDate "2015.11.14"]
[EventType "team-tourn"]
[EventRounds "9"]
[EventCountry "NCA"]
[SourceTitle "EXT 2018"]
[Source "ChessBase"]
[SourceDate "2017.10.13"]
[SourceVersion "1"]
[SourceVersionDate "2017.10.13"]
[SourceQuality "1"]
[WhiteTeam "Jose Raul Capablanca"]
[BlackTeam "Joaking Cuadra"]
[WhiteTeamCountry "NCA"]
[BlackTeamCountry "NCA"]

1. c4 e5 2. Nc3 Nf6 3. g3 c5 4. Bg2 Nc6 5. e3 Be7 6. Nge2 0-0 7. 0-0 Re8 8. d4 exd4 9. exd4 Nxd4 10. Nxd4 cxd4 11. Qxd4 a5 12. Bf4 Nh5 13. Nb5 Nxf4 14. Qxf4 d6 15. Rad1 Ra6 16. c5 Bg5 17. Qd4 dxc5 18. Qxc5 Qe7 19. Qxe7 Bxe7 20. Nc7 Rd8 21. Rxd8+ Bxd8 22. Nxa6 bxa6 23. Re1 Kf8 24. Bc6 Be7 25. Re5 a4 26. Bxa4 Bb7 27. b4 g5 28. b5 f6 29. Re6 axb5 30. Bxb5 Bd5 31. Ra6 h5 32. Bc6 Bc4 33. Ra8+ Kg7 34. a4 f5 35. a5 Kf6 36. a6 Bc5 37. a7 g4 38. Rf8+ Bxf8 39. a8Q Bd6 40. Qh8+ Ke7 41. Qe8+ Kf6 42. Qd8+ Ke5 43. Qg5 Bc5 44. Qf4+ 1-0

[Event "NCA-chT"]
[Site "Managua"]
[Date "2015.11.14"]
[Round "1.4"]
[White "Gutierrez, Erasmo"]
[Black "Ortiz, Marcos"]
[Result "0-1"]
[WhiteElo "1904"]
[BlackElo "2202"]
[PlyCount "72"]
[EventDate "2015.11.14"]
[EventType "team-tourn"]
[EventRounds "9"]
[EventCountry "NCA"]
[SourceTitle "EXT 2018"]
[Source "ChessBase"]
[SourceDate "2017.10.13"]
[SourceVersion "1"]
[SourceVersionDate "2017.10.13"]
[SourceQuality "1"]
[WhiteTeam "Joaking Cuadra"]
[BlackTeam "Academia Julio Ramirez"]
[WhiteTeamCountry "NCA"]
[BlackTeamCountry "NCA"]

1. e4 c5 2. Nf3 d6 3. Be2 Nf6 4. d3 Nc6 5. Bd2 g6 6. h3 Bg7 7. Nc3 Rb8 8. 0-0 b5 9. Nd5 Nd7 10. c3 0-0 11. Qc1 Re8 12. Bh6 Bh8 13. Re1 b4 14. h4 Ba6 15. h5 e6 16. hxg6 hxg6 17. Ne3 bxc3 18. bxc3 Qa5 19. c4 Rb2 20. Bf1 Rxa2 21. Rxa2 Qxa2 22. Ng4 Nce5 23. Nfxe5 Nxe5 24. Qf4 Nxg4 25. Qxg4 Bc8 26. f4 Bd4+ 27. Kh1 a5 28. Be2 a4 29. Bf3 Bg7 30. Bg5 Bd7 31. f5 exf5 32. Qh4 Qb2 33. exf5 Bxf5 34. g4 Bd7 35. Qg3 a3 36. Qxd6 Be5 0-1